Fictional Americans---Mid-Atlantic Quiz Stats

 Plays Quiz not verified by Sporcle

Score 0/59 Timer 10:00
0 Plays Today
Clue Person % Correct
Hugh Laurie plays this maverick doctor (New Jersey)Dr. Gregory House
87.5%
James Gandolfini plays this famous mobster (New Jersey)Tony Soprano
75%
Sylvester Stallone plays this boxer (Pennsylvania)Rocky
75%
Harrison Ford's well-known character (New Jersey)Indiana Jones
50%
He's known as Ant-Man, Giant-Man, Goliath, and Yellowjacket (New Jersey)Henry Pym
50%
Steve Carell plays this hillarious boss (Pennsylvania)Michael Scott
50%
Candice Bergen plays a former alcoholic (Pennsylvania)Murphy Brown
50%
Tom Clancy's well-known spy smasher (Maryland)Jack Ryan
50%
Gillian Anderson's X-Files character (Maryland)Dana Scully
50%
Henry Pym's longtime sidekick (New Jersey)Wasp
37.5%
Wonder Man's evil brother (New Jersey)Grim Reaper
25%
Also known as Bluntman and Chronic (New Jersey)Jay and Silent Bob
25%
A robot created by Henry Pym (New Jersey)Ultron
25%
A synthetoid who is a longtime member of the Avengers (New Jersey)Vision
25%
Friend and substitute for Tony Stark (Pennsylvania)War Machine
25%
Rashida Jones' Office character (Pennsylvania)Karen Filippelli
25%
The Black King of the Hellfire Club (Pennsylvania)Sebastian Shaw
25%
Enemy of Aquaman and a member of the Legion of Doom (Maryland)Black Manta
25%
Tough-talking Green Lantern (Maryland)Guy Gardner
25%
Morbidly obese chief of police (Maryland)Chief Wiggum
25%
Sorcerer Supreme (Pennsylvania)Doctor Strange
14.3%
World War II heroine Louise Mason (New Jersey)Blonde Phantom
12.5%
Mutant Force member also known as Crucible (New Jersey)Burner
12.5%
Minor Spider-Man foe killed by Scourge (New Jersey)Fly
12.5%
Daredevil villain Jonathan Powers (New Jersey)Jester
12.5%
One-fifth of the Death-Throws (New Jersey)Knickknack
12.5%
Daredevil villain who looks like a male cow (New Jersey)Man-Bull
12.5%
One of Marvel's beloved 1950s heroes (New Jersey)Marvel Boy
12.5%
A former member, and later, a villain of the X-Men (New Jersey)Mimic
12.5%
Enemy of Thor and Daredevil and former partner of Cobra (New Jersey)Mister Hyde
12.5%
Clue Person % Correct
Enemy of Captain America and a former nun (New Jersey)Mother Night
12.5%
Strongman of the Enforcers (New Jersey)Ox
12.5%
One of two living founders of the Grapplers (New Jersey)Poundcakes
12.5%
Member of the Hellions (New Jersey)Roulette
12.5%
Silly ally of the New Warriors (New Jersey)Slapstick
12.5%
Speedy son of the Vision and the Scarlet Witch (New Jersey)Speed
12.5%
Longtime strongman of the Avengers (New Jersey)Wonder Man
12.5%
Blonde member of the Serpent Society (Pennsylvania)Anaconda
12.5%
Atomic enemy of Bill Foster (Pennsylvania)Atom-Smasher
12.5%
Close friend of Spider-Man who married a Hobgoblin (Pennsylvania)Betty Brant
12.5%
This Marvel villain started the Civil War (Pennsylvania)Nitro
12.5%
The White Bishop of the Hellfire Club (Pennsylvania)Donald Pierce
12.5%
One half of a team of Captain America foes (Pennsylvania)Right-Winger
12.5%
Jackson Avrad, enemy of Spider-Man (Pennsylvania)Will O'The Wisp
12.5%
Ed Helms plays this annoying character (Pennsylvania)Andy Bernard
12.5%
All-Star Squadron member married to Johnny Quick (Pennsylvania)Liberty Belle
12.5%
Took over as Captain America for a while (Pennsylvania)Spirit of '76
12.5%
Government agent who hates superheroes (Pennsylvania)Henry Peter Gyrich
12.5%
Donald Gill, former member of the Thunderbolts (Delaware)Blizzard
12.5%
Blue skinned enemy of Nova, Thor, and the Rangers (Delaware)Corruptor
12.5%
This Femme Fatale took the moniker from an Iron Man villain (Delaware)Whiplash
12.5%
King Features' sci fi hero (Maryland)Flash Gordon
12.5%
An 11-year old girl who lives in a foster home (Maryland)Gilly Hopkins
12.5%
Villain currently known as MACH-4 of the Thunderbolts (Maryland)Beetle
12.5%
Spider-Man villain who killed Jean DeWolff (Maryland)Sin-Eater
12.5%
Wacky, blue-skinned hero (District of Columbia)Freakazoid
12.5%
World War II heroine married to the Whizzer (District of Columbia)Miss America
12.5%
Harlan Vargas of the Zodiac Cartel (District of Columbia)Sagittarius
12.5%
Kamala Khan, leader of the Champions (New Jersey)Ms. Marvel
0%

You're not logged in!

Compare scores with friends on all Sporcle quizzes.
OR
Log In

Show Comments

Extras

Created May 1, 2012ReportNominate
Tags:fictional, genre, person

Top Quizzes Today


Score Distribution

Your Account Isn't Verified!

In order to create a playlist on Sporcle, you need to verify the email address you used during registration. Go to your Sporcle Settings to finish the process.

Report this User

Report this user for behavior that violates our Community Guidelines.

Details: